Normal view
MARC view
- PhD-Materials Engineering
Entry Topical Term
001 - CONTROL NUMBER
- control field: 123162
003 - CONTROL NUMBER IDENTIFIER
- control field: NUST
005 - DATE AND TIME OF LATEST TRANSACTION
- control field: 20240603154435.0
008 - FIXED-LENGTH DATA ELEMENTS
- fixed length control field: 240603|| aca||aabn | a|a d
040 ## - CATALOGING SOURCE
- Original cataloging agency: NUST
- Transcribing agency: NUST
150 ## - HEADING--TOPICAL TERM
- Topical term or geographic name entry element: PhD-Materials Engineering
670 ## - SOURCE DATA FOUND
- Source citation: Work cat.: (NUST): Batool, Sadaf 28400, Synthesis of Novel Calcium Phosphate Based Composites for Bone Tissue Regeneration /
